000 00614nam a2200193 a 4500
005 20210223122800.0
008 991125s1965 ag 000 0 spa u
035 _aUPN01000041366
049 _aCG
050 4 _aN352
_bD4.58
100 1 _aDepouilly, Jacques
245 1 0 _aNiños y primitivos :
_barte primitivo, arte ingenuo, arte infantil /
_cJacques Depouilly ; tr. Juan Jorge Thomas.
260 _aBuenos Aires :
_bKapelusz,
_c1965.
300 _a87 p. :
_bil.
440 0 _aTécnicas de la educación artística
650 4 _aARTE PRIMITIVO
_92616
650 4 _aNIÑOS COMO ARTISTAS
_921938
905 _aLibro
999 _c41366
_d41366